[Event "Weekender - Championship"]
[Site "Enniscrone, Co Slogo, IE"]
[Date "2026.01.30"]
[Round "1"]
[White "Palihawadana, Aken Pinitha"]
[Black "Moore, Samuel"]
[Result "1/2-1/2"]
[Board "17"]
[WhiteFideId "29982847"]
[BlackFideId "2507110"]
[WhiteElo "1623"]
[BlackElo "1695"]
[WhiteTeam "IRL"]
[BlackTeam "IRL"]
[WhiteClock "0:50:29"]
[BlackClock "0:41:34"]
[Variant "Standard"]

1. e4 {[%clk 1:20:53]}  e5 {[%clk 1:30:50]} 2. Nf3 {[%clk 1:20:16]}  Nf6 {[%clk 1:31:12]} 3. Nxe5 {[%clk 1:19:10]}  d6 {[%clk 1:31:29]} 4. Nf3 {[%clk 1:19:14]}  Nxe4 {[%clk 1:31:37]} 5. Qe2 {[%clk 1:18:49]}  Qe7 {[%clk 1:31:30]} 6. d3 {[%clk 1:18:54]}  Nf6 {[%clk 1:31:03]} 7. Qxe7+ {[%clk 1:19:13]}  Bxe7 {[%clk 1:31:19]} 8. Bg5 {[%clk 1:18:43]}  O-O {[%clk 1:29:56]} 9. Be2 {[%clk 1:18:43]}  Nc6 {[%clk 1:27:14]} 10. O-O {[%clk 1:18:16]}  Be6 {[%clk 1:19:27]} 11. Nc3 {[%clk 1:16:43]}  a6 {[%clk 1:18:04]} 12. a3 {[%clk 1:16:39]}  Rad8 {[%clk 1:12:49]} 13. Rad1 {[%clk 1:16:26]}  Rfe8 {[%clk 1:11:04]} 14. Rfe1 {[%clk 1:11:22]}  Nd5 {[%clk 1:04:30]} 15. Nxd5 {[%clk 0:57:16]}  Bxd5 {[%clk 1:04:33]} 16. c4 {[%clk 0:57:20]}  Bxf3 {[%clk 1:04:18]} 17. Bxe7 {[%clk 0:54:17]}  Rxe7 {[%clk 1:01:22]} 18. Bxf3 {[%clk 0:54:37]}  Rde8 {[%clk 1:00:13]} 19. Rxe7 {[%clk 0:53:34]}  Rxe7 {[%clk 1:00:26]} 20. Bxc6 {[%clk 0:53:37]}  bxc6 {[%clk 1:00:35]} 21. Kf1 {[%clk 0:54:01]}  Kf8 {[%clk 1:00:43]} 22. Re1 {[%clk 0:52:02]}  c5 {[%clk 0:58:30]} 23. Rxe7 {[%clk 0:51:06]}  Kxe7 {[%clk 0:58:45]} 24. Ke2 {[%clk 0:51:23]}  Ke6 {[%clk 0:58:50]} 25. Ke3 {[%clk 0:51:47]}  d5 {[%clk 0:51:08]} 26. f4 {[%clk 0:50:23]}  f5 {[%clk 0:48:10]} 27. h4 {[%clk 0:49:49]}  h5 {[%clk 0:47:01]} 28. Ke2 {[%clk 0:49:23]}  c6 {[%clk 0:45:15]} 29. a4 {[%clk 0:48:37]}  a5 {[%clk 0:44:23]} 30. b3 {[%clk 0:48:44]}  g6 {[%clk 0:43:07]} 31. g3 {[%clk 0:49:05]}  Kd6 {[%clk 0:41:07]} 32. Kf3 {[%clk 0:49:14]}  Ke6 {[%clk 0:41:02]} 33. Ke2 {[%clk 0:49:36]}  Kd6 {[%clk 0:41:05]} 34. Kf3 {[%clk 0:50:02]}  Ke6 {[%clk 0:41:19]} 35. Ke2 {[%clk 0:50:29]}  Kd6 {[%clk 0:41:34]} 1/2-1/2

[Event "Weekender - Championship"]
[Site "Enniscrone, Co Slogo, IE"]
[Date "2026.01.31"]
[Round "2"]
[White "McClatchey, Rob"]
[Black "Foenander, Phillip"]
[Result "1-0"]
[Board "2"]
[WhiteFideId "479217"]
[BlackFideId "2505444"]
[WhiteElo "1731"]
[BlackElo "1690"]
[WhiteTeam "ENG"]
[BlackTeam "IRL"]
[WhiteClock "0:18:44"]
[BlackClock "0:01:26"]
[Variant "Standard"]

1. d4 {[%clk 1:30:58]}  Nf6 {[%clk 1:24:21]} 2. Nf3 {[%clk 1:31:18]}  d5 {[%clk 1:24:27]} 3. e3 {[%clk 1:31:35]}  e6 {[%clk 1:24:03]} 4. Bd3 {[%clk 1:31:55]}  Bd6 {[%clk 1:22:15]} 5. O-O {[%clk 1:32:01]}  O-O {[%clk 1:21:36]} 6. Nbd2 {[%clk 1:30:28]}  Nbd7 {[%clk 1:16:53]} 7. c4 {[%clk 1:27:09]}  c6 {[%clk 1:13:34]} 8. Re1 {[%clk 1:22:38]}  e5 {[%clk 1:06:14]} 9. e4 {[%clk 1:21:30]}  dxe4 {[%clk 1:01:07]} 10. Nxe4 {[%clk 1:20:47]}  Nxe4 {[%clk 0:58:53]} 11. Bxe4 {[%clk 1:17:26]}  f5 {[%clk 0:44:46]} 12. Bc2 {[%clk 1:14:39]}  e4 {[%clk 0:42:40]} 13. Ng5 {[%clk 1:11:16]}  Nf6 {[%clk 0:40:59]} 14. Bb3 {[%clk 1:08:10]}  Kh8 {[%clk 0:23:48]} 15. c5 {[%clk 1:05:20]}  Bxh2+ {[%clk 0:17:17]} 16. Kxh2 {[%clk 1:05:37]}  Ng4+ {[%clk 0:16:23]} 17. Kg1 {[%clk 1:05:17]}  Qc7 {[%clk 0:10:22]} 18. f4 {[%clk 0:59:14]}  h6 {[%clk 0:07:57]} 19. Nh3 {[%clk 0:54:55]}  Qe7 {[%clk 0:06:13]} 20. Be3 {[%clk 0:49:36]}  Qh4 {[%clk 0:05:32]} 21. Qe2 {[%clk 0:49:19]}  Qg3 {[%clk 0:05:30]} 22. Bf2 {[%clk 0:43:54]}  Qh2+ {[%clk 0:05:21]} 23. Kf1 {[%clk 0:44:18]}  Qh1+ {[%clk 0:05:20]} 24. Bg1 {[%clk 0:44:41]}  Bd7 {[%clk 0:03:47]} 25. Red1 {[%clk 0:41:46]}  Rae8 {[%clk 0:03:25]} 26. Ke1 {[%clk 0:40:08]}  Nh2 {[%clk 0:03:15]} 27. Kd2 {[%clk 0:38:02]}  Nf3+ {[%clk 0:03:03]} 28. Kc3 {[%clk 0:36:41]}  Nxg1 {[%clk 0:02:27]} 29. Rxg1 {[%clk 0:35:47]}  Qh2 {[%clk 0:02:44]} 30. Qe3 {[%clk 0:34:22]}  g5 {[%clk 0:02:11]} 31. Nxg5 {[%clk 0:32:12]}  Kg7 {[%clk 0:01:55]} 32. Rh1 {[%clk 0:31:31]}  Qxg2 {[%clk 0:02:06]} 33. Rag1 {[%clk 0:31:45]}  Qxg1 {[%clk 0:01:08]} 34. Rxg1 {[%clk 0:31:50]}  hxg5 {[%clk 0:00:57]} 35. Rxg5+ {[%clk 0:32:03]}  Kf6 {[%clk 0:01:00]} 36. Qg3 {[%clk 0:31:28]}  Ke7 {[%clk 0:01:09]} 37. Rg7+ {[%clk 0:29:18]}  Kd8 {[%clk 0:01:28]} 38. Qg5+ {[%clk 0:28:32]}  Kc8 {[%clk 0:01:44]} 39. Kd2 {[%clk 0:25:03]}  e3+ {[%clk 0:01:16]} 40. Ke2 {[%clk 0:25:29]}  Re4 {[%clk 0:01:20]} 41. Re7 {[%clk 0:21:42]}  Rxe7 {[%clk 0:01:24]} 42. Qxe7 {[%clk 0:22:06]}  Re8 {[%clk 0:01:45]} 43. Qd6 {[%clk 0:22:02]}  Re4 {[%clk 0:01:08]} 44. Bf7 {[%clk 0:21:01]}  Kd8 {[%clk 0:00:48]} 45. Bg6 {[%clk 0:18:03]}  Re6 {[%clk 0:00:49]} 46. Qb8+ {[%clk 0:18:28]}  Ke7 {[%clk 0:00:55]} 47. Bxf5 {[%clk 0:18:41]}  Rf6 {[%clk 0:00:53]} 48. Bxd7 {[%clk 0:18:23]}  Kxd7 {[%clk 0:01:10]} 49. Qxb7+ {[%clk 0:18:37]}  Ke8 {[%clk 0:01:13]} 50. Kxe3 {[%clk 0:18:44]}  Re6+ {[%clk 0:01:26]} 1-0

[Event "Weekender - Championship"]
[Site "Enniscrone, Co Slogo, IE"]
[Date "2026.01.31"]
[Round "2"]
[White "Wieczorek, Jarek"]
[Black "OHara, Austin"]
[Result "0-1"]
[Board "15"]
[WhiteFideId "2528223"]
[BlackFideId "2523825"]
[WhiteElo "1744"]
[BlackElo "1650"]
[WhiteTeam "IRL"]
[BlackTeam "IRL"]
[WhiteClock "0:23:06"]
[BlackClock "0:03:11"]
[Variant "Standard"]

1. Nf3 {[%clk 1:30:54]}  Nf6 {[%clk 1:29:50]} 2. b3 {[%clk 1:31:16]}  a5 {[%clk 1:29:55]} 3. a3 {[%clk 1:30:56]}  d5 {[%clk 1:27:20]} 4. Bb2 {[%clk 1:30:54]}  Bf5 {[%clk 1:24:24]} 5. d3 {[%clk 1:31:14]}  e6 {[%clk 1:24:18]} 6. Nbd2 {[%clk 1:30:53]}  Bd6 {[%clk 1:21:19]} 7. g3 {[%clk 1:31:12]}  h6 {[%clk 1:10:44]} 8. Bg2 {[%clk 1:31:22]}  O-O {[%clk 1:07:38]} 9. O-O {[%clk 1:31:32]}  c6 {[%clk 1:07:17]} 10. h3 {[%clk 1:30:42]}  Nbd7 {[%clk 1:06:52]} 11. Re1 {[%clk 1:30:48]}  Bb8 {[%clk 0:53:36]} 12. e4 {[%clk 1:30:04]}  Bg6 {[%clk 0:53:14]} 13. Qe2 {[%clk 1:29:38]}  dxe4 {[%clk 0:48:46]} 14. dxe4 {[%clk 1:29:34]}  Qc7 {[%clk 0:45:19]} 15. Rad1 {[%clk 1:22:44]}  Ba7 {[%clk 0:44:59]} 16. e5 {[%clk 1:16:47]}  Nh5 {[%clk 0:44:40]} 17. Nf1 {[%clk 1:12:58]}  Rae8 {[%clk 0:43:25]} 18. Kh2 {[%clk 1:02:39]}  f5 {[%clk 0:40:15]} 19. exf6 {[%clk 0:56:31]}  Nhxf6 {[%clk 0:38:26]} 20. Ne5 {[%clk 0:53:42]}  Bh7 {[%clk 0:28:39]} 21. f4 {[%clk 0:52:21]}  Nxe5 {[%clk 0:21:37]} 22. Bxe5 {[%clk 0:52:37]}  Qb6 {[%clk 0:19:13]} 23. Bd4 {[%clk 0:47:33]}  c5 {[%clk 0:19:25]} 24. Be5 {[%clk 0:42:38]}  Rd8 {[%clk 0:16:48]} 25. Ne3 {[%clk 0:41:22]}  Rxd1 {[%clk 0:16:06]} 26. Rxd1 {[%clk 0:41:19]}  Bg6 {[%clk 0:09:15]} 27. Nc4 {[%clk 0:39:54]}  Qa6 {[%clk 0:09:31]} 28. Bc3 {[%clk 0:35:36]}  Be8 {[%clk 0:07:29]} 29. Rd6 {[%clk 0:35:19]}  b6 {[%clk 0:07:35]} 30. Qxe6+ {[%clk 0:35:02]}  Bf7 {[%clk 0:07:29]} 31. Qe2 {[%clk 0:32:46]}  Bb8 {[%clk 0:06:41]} 32. Rxb6 {[%clk 0:29:35]}  Bxc4 {[%clk 0:05:50]} 33. Qxc4+ {[%clk 0:29:52]}  Qxc4 {[%clk 0:06:12]} 34. bxc4 {[%clk 0:30:14]}  Re8 {[%clk 0:05:36]} 35. Bd5+ {[%clk 0:24:49]}  Nxd5 {[%clk 0:04:16]} 36. cxd5 {[%clk 0:24:59]}  Bc7 {[%clk 0:02:29]} 37. Rb7 {[%clk 0:23:59]}  Re7 {[%clk 0:02:35]} 38. Bxa5 {[%clk 0:23:56]}  Re2+ {[%clk 0:02:39]} 39. Kg1 {[%clk 0:24:10]}  Bxa5 {[%clk 0:03:01]} 40. Rb5 {[%clk 0:24:12]}  Bd2 {[%clk 0:03:00]} 41. d6 {[%clk 0:24:11]}  Be3+ {[%clk 0:02:59]} 42. Kf1 {[%clk 0:24:28]}  Rd2 {[%clk 0:03:20]} 43. Rb3 {[%clk 0:24:34]}  Bd4 {[%clk 0:02:40]} 44. Ke1 {[%clk 0:24:21]}  Rxc2 {[%clk 0:02:33]} 45. d7 {[%clk 0:24:14]}  Bf6 {[%clk 0:02:14]} 46. Rb8+ {[%clk 0:24:33]}  Kf7 {[%clk 0:02:34]} 47. d8=Q {[%clk 0:24:55]}  Bxd8 {[%clk 0:02:49]} 48. Rxd8 {[%clk 0:25:24]}  Rc3 {[%clk 0:03:01]} 49. Rd7+ {[%clk 0:24:29]}  Kf8 {[%clk 0:03:03]} 50. Kd2 {[%clk 0:22:46]}  Rxa3 {[%clk 0:03:11]} 51. Rd3 {[%clk 0:23:06]} 0-1

[Event "Weekender - Championship"]
[Site "Enniscrone, Co Slogo, IE"]
[Date "2026.01.31"]
[Round "3"]
[White "Mariya Boby, Angel"]
[Black "Foran, Barry"]
[Result "1/2-1/2"]
[Board "5"]
[WhiteFideId "2535564"]
[BlackFideId "2508230"]
[WhiteElo "1665"]
[BlackElo "1711"]
[WhiteTeam "IRL"]
[BlackTeam "IRL"]
[WhiteClock "0:58:44"]
[BlackClock "0:39:39"]
[Variant "Standard"]

1. e4 {[%clk 1:30:57]}  c6 {[%clk 1:26:54]} 2. d4 {[%clk 1:31:22]}  d5 {[%clk 1:26:49]} 3. exd5 {[%clk 1:31:46]}  cxd5 {[%clk 1:27:02]} 4. Bd3 {[%clk 1:32:11]}  Nc6 {[%clk 1:27:27]} 5. c3 {[%clk 1:32:35]}  e5 {[%clk 1:27:54]} 6. dxe5 {[%clk 1:32:59]}  Nxe5 {[%clk 1:28:18]} 7. Qe2 {[%clk 1:30:46]}  Qe7 {[%clk 1:28:15]} 8. Bb5+ {[%clk 1:24:38]}  Bd7 {[%clk 1:27:43]} 9. Bxd7+ {[%clk 1:17:40]}  Kxd7 {[%clk 1:28:12]} 10. Qb5+ {[%clk 1:15:42]}  Kc8 {[%clk 1:28:37]} 11. Be3 {[%clk 1:12:22]}  Nf6 {[%clk 1:27:09]} 12. Nd2 {[%clk 1:10:47]}  a6 {[%clk 1:23:01]} 13. Qe2 {[%clk 1:10:40]}  Qc7 {[%clk 1:08:26]} 14. O-O-O {[%clk 1:07:31]}  Bd6 {[%clk 1:01:52]} 15. h3 {[%clk 1:04:55]}  Re8 {[%clk 1:01:27]} 16. Ngf3 {[%clk 1:03:42]}  b5 {[%clk 0:52:47]} 17. Nxe5 {[%clk 1:00:52]}  Bxe5 {[%clk 0:44:11]} 18. Kb1 {[%clk 0:59:49]}  Kb7 {[%clk 0:39:39]} 19. Nb3 {[%clk 0:58:44]} 1/2-1/2

[Event "Weekender - Championship"]
[Site "Enniscrone, Co Slogo, IE"]
[Date "2026.01.31"]
[Round "3"]
[White "Biswal, Saiansh"]
[Black "Bermingham, Adam D."]
[Result "1-0"]
[Board "6"]
[WhiteFideId "2518155"]
[BlackFideId "2527197"]
[WhiteElo "1698"]
[BlackElo "1653"]
[WhiteTeam "IRL"]
[BlackTeam "IRL"]
[WhiteClock "0:05:15"]
[BlackClock "0:01:22"]
[Variant "Standard"]

1. e4 {[%clk 1:30:58]}  e5 {[%clk 1:30:53]} 2. Nf3 {[%clk 1:31:25]}  Nc6 {[%clk 1:31:18]} 3. Bc4 {[%clk 1:31:51]}  Bc5 {[%clk 1:31:37]} 4. c3 {[%clk 1:32:16]}  Nf6 {[%clk 1:32:02]} 5. d4 {[%clk 1:32:41]}  exd4 {[%clk 1:32:13]} 6. b4 {[%clk 1:33:06]}  Be7 {[%clk 1:32:19]} 7. b5 {[%clk 1:33:30]}  Na5 {[%clk 1:32:35]} 8. Bd3 {[%clk 1:33:54]}  d5 {[%clk 1:31:41]} 9. e5 {[%clk 1:34:15]}  Ne4 {[%clk 1:29:27]} 10. cxd4 {[%clk 1:34:16]}  Bb4+ {[%clk 1:27:06]} 11. Bd2 {[%clk 1:31:45]}  Nxd2 {[%clk 1:26:00]} 12. Nbxd2 {[%clk 1:31:29]}  h6 {[%clk 1:23:47]} 13. O-O {[%clk 1:25:28]}  O-O {[%clk 1:23:17]} 14. Qa4 {[%clk 1:23:11]}  c5 {[%clk 1:18:04]} 15. bxc6 {[%clk 1:18:38]}  Nxc6 {[%clk 1:12:09]} 16. Rac1 {[%clk 1:17:48]}  Qa5 {[%clk 1:07:42]} 17. Qxa5 {[%clk 1:15:20]}  Bxa5 {[%clk 1:07:16]} 18. Nb3 {[%clk 1:15:16]}  Bb6 {[%clk 0:59:07]} 19. Bb5 {[%clk 1:10:08]}  Bd7 {[%clk 0:58:17]} 20. Nc5 {[%clk 1:10:11]}  Bxc5 {[%clk 0:55:35]} 21. Rxc5 {[%clk 1:10:34]}  a6 {[%clk 0:52:07]} 22. Rxd5 {[%clk 1:04:49]}  Be6 {[%clk 0:49:20]} 23. Bxc6 {[%clk 1:03:47]}  bxc6 {[%clk 0:47:59]} 24. Ra5 {[%clk 1:03:36]}  Bc4 {[%clk 0:47:29]} 25. Rd1 {[%clk 1:01:57]}  Rfb8 {[%clk 0:46:31]} 26. h3 {[%clk 1:00:21]}  Rb2 {[%clk 0:45:10]} 27. Rd2 {[%clk 0:59:03]}  Rb1+ {[%clk 0:42:01]} 28. Kh2 {[%clk 0:59:09]}  Bd5 {[%clk 0:41:29]} 29. Kg3 {[%clk 0:57:10]}  Rb5 {[%clk 0:36:57]} 30. Ra3 {[%clk 0:55:12]}  a5 {[%clk 0:36:53]} 31. Rc3 {[%clk 0:53:20]}  a4 {[%clk 0:35:21]} 32. Ne1 {[%clk 0:50:20]}  Rb4 {[%clk 0:31:34]} 33. f3 {[%clk 0:45:36]}  Rab8 {[%clk 0:28:11]} 34. Kf2 {[%clk 0:39:06]}  Rb2 {[%clk 0:26:30]} 35. Rcc2 {[%clk 0:39:29]}  R2b4 {[%clk 0:24:14]} 36. Ke3 {[%clk 0:38:03]}  g5 {[%clk 0:20:01]} 37. Nd3 {[%clk 0:36:59]}  R4b6 {[%clk 0:19:50]} 38. Nc5 {[%clk 0:36:47]}  Ra8 {[%clk 0:17:57]} 39. Nd7 {[%clk 0:36:06]}  Rb5 {[%clk 0:11:34]} 40. Nf6+ {[%clk 0:36:13]}  Kf8 {[%clk 0:11:23]} 41. Nxd5 {[%clk 0:36:36]}  cxd5 {[%clk 0:10:55]} 42. Rc5 {[%clk 0:35:48]}  Raa5 {[%clk 0:10:28]} 43. Rdc2 {[%clk 0:35:05]}  a3 {[%clk 0:10:05]} 44. Kd3 {[%clk 0:33:45]}  Kg7 {[%clk 0:10:16]} 45. g4 {[%clk 0:31:40]}  Kf8 {[%clk 0:09:39]} 46. Rxb5 {[%clk 0:30:21]}  Rxb5 {[%clk 0:10:01]} 47. Rc3 {[%clk 0:30:47]}  Rb2 {[%clk 0:09:06]} 48. Rxa3 {[%clk 0:30:41]}  Rh2 {[%clk 0:09:23]} 49. Ra5 {[%clk 0:30:15]}  Rxh3 {[%clk 0:09:38]} 50. Ke3 {[%clk 0:30:41]}  Rh2 {[%clk 0:09:35]} 51. Rxd5 {[%clk 0:30:41]}  Rxa2 {[%clk 0:10:00]} 52. Rc5 {[%clk 0:29:26]}  Ra6 {[%clk 0:07:27]} 53. Rc3 {[%clk 0:29:34]}  Ke7 {[%clk 0:06:58]} 54. Ke4 {[%clk 0:29:29]}  Rb6 {[%clk 0:06:45]} 55. Rd3 {[%clk 0:29:14]}  f6 {[%clk 0:06:14]} 56. d5 {[%clk 0:27:38]}  fxe5 {[%clk 0:05:48]} 57. Kxe5 {[%clk 0:27:24]}  Rb1 {[%clk 0:03:37]} 58. Kf5 {[%clk 0:10:58]}  Kf7 {[%clk 0:02:54]} 59. d6 {[%clk 0:11:08]}  Rb5+ {[%clk 0:03:11]} 60. Ke4 {[%clk 0:11:06]}  Ke8 {[%clk 0:02:06]} 61. Rd2 {[%clk 0:06:15]}  Kd7 {[%clk 0:01:22]} 62. Rd1 {[%clk 0:05:15]} 1-0

[Event "Weekender - Championship"]
[Site "Enniscrone, Co Slogo, IE"]
[Date "2026.02.01"]
[Round "4"]
[White "Schwab, Lysander"]
[Black "O`Flaherty, Paul"]
[Result "1-0"]
[Board "1"]
[WhiteFideId "34618619"]
[BlackFideId "2502291"]
[WhiteElo "1687"]
[BlackElo "1707"]
[WhiteTeam "GER"]
[BlackTeam "IRL"]
[WhiteClock "0:00:00"]
[BlackClock "1:27:17"]
[Variant "Standard"]

1. c4 {[%clk 1:30:57]}  e5 {[%clk 1:29:52]} 2. Nc3 {[%clk 1:31:16]}  Nf6 {[%clk 1:29:49]} 3. g3 {[%clk 1:31:36]}  Bb4 {[%clk 1:29:29]} 4. Bg2 {[%clk 1:31:57]}  O-O {[%clk 1:29:51]} 5. d3 {[%clk 1:31:43]}  Bxc3+ {[%clk 1:29:45]} 6. bxc3 {[%clk 1:32:03]}  Re8 {[%clk 1:29:48]} 7. e4 {[%clk 1:29:06]}  d6 {[%clk 1:27:17]} 8. Ne2 {[%clk 1:29:06]}  Nbd7 {[%clk 1:27:17]} 9. O-O {[%clk 0:00:00]}  h6 {[%clk 1:27:17]} 10. Qc2 {[%clk 0:00:00]}  Nf8 {[%clk 1:27:17]} 11. f4 {[%clk 0:00:00]}  c6 {[%clk 1:27:17]} 12. d4 {[%clk 0:00:00]}  Qe7 {[%clk 1:27:17]} 13. c5 {[%clk 0:00:00]}  dxc5 {[%clk 1:27:17]} 14. fxe5 {[%clk 0:00:00]}  N6d7 {[%clk 1:27:17]} 15. Nf4 {[%clk 0:00:00]}  f6 {[%clk 1:27:17]} 16. exf6 {[%clk 0:00:00]}  Nxf6 {[%clk 1:27:17]} 17. e5 {[%clk 0:00:00]}  N6h7 {[%clk 1:27:17]} 18. Ba3 {[%clk 0:00:00]}  b6 {[%clk 1:27:17]} 19. Bxc6 {[%clk 0:00:00]}  Bb7 {[%clk 1:27:17]} 20. Nd5 {[%clk 0:00:00]}  Bxc6 {[%clk 1:27:17]} 21. Nxe7+ {[%clk 0:00:00]}  Rxe7 {[%clk 1:27:17]} 22. dxc5 {[%clk 0:00:00]}  Rxe5 {[%clk 1:27:17]} 23. Rae1 {[%clk 0:00:00]}  Re6 {[%clk 1:27:17]} 24. Rxe6 {[%clk 0:00:00]}  Nxe6 {[%clk 1:27:17]} 25. h4 {[%clk 0:00:00]}  Nf6 {[%clk 1:27:17]} 26. Re1 {[%clk 0:00:00]}  Kf7 {[%clk 1:27:17]} 27. Qf5 {[%clk 0:00:00]}  Re8 {[%clk 1:27:17]} 28. Qf1 {[%clk 0:00:00]}  bxc5 {[%clk 1:27:17]} 29. Qa6 {[%clk 0:00:00]}  Nc7 {[%clk 1:27:17]} 30. Qf1 {[%clk 0:00:00]}  Ne6 {[%clk 1:27:17]} 31. Bc1 {[%clk 0:00:00]}  Kg6 {[%clk 1:27:17]} 32. Bf4 {[%clk 0:00:00]}  Bd5 {[%clk 1:27:17]} 33. Qd3+ {[%clk 0:00:00]}  Kf7 {[%clk 1:27:17]} 34. Be5 {[%clk 0:00:00]}  c4 {[%clk 1:27:17]} 35. Qf1 {[%clk 0:00:00]}  Nc5 {[%clk 1:27:17]} 36. Bxf6 {[%clk 0:00:00]}  Rxe1 {[%clk 1:27:17]} 37. Qxe1 {[%clk 0:00:00]}  gxf6 {[%clk 1:27:17]} 38. Qf2 {[%clk 0:00:00]}  Ne4 {[%clk 1:27:17]} 39. Qxa7+ {[%clk 0:00:00]}  Kg6 {[%clk 1:27:17]} 40. Qd4 {[%clk 0:00:00]}  Ba8 {[%clk 1:27:17]} 41. Qxc4 {[%clk 0:00:00]}  Nxg3 {[%clk 1:27:17]} 42. Qg8+ {[%clk 0:00:00]} 1-0

[Event "Weekender - Championship"]
[Site "Enniscrone, Co Slogo, IE"]
[Date "2026.02.01"]
[Round "4"]
[White "McClatchey, Rob"]
[Black "Crowe, John"]
[Result "1/2-1/2"]
[Board "8"]
[WhiteFideId "479217"]
[BlackFideId "2529513"]
[WhiteElo "1731"]
[BlackElo "1670"]
[WhiteTeam "ENG"]
[BlackTeam "IRL"]
[WhiteClock "0:44:10"]
[BlackClock "0:51:20"]
[Variant "Standard"]

1. d4 {[%clk 1:30:30]}  Nf6 {[%clk 1:26:17]} 2. Nf3 {[%clk 1:31:16]}  e6 {[%clk 1:26:25]} 3. e3 {[%clk 1:31:34]}  d5 {[%clk 1:26:42]} 4. Bd3 {[%clk 1:31:51]}  c5 {[%clk 1:26:17]} 5. b3 {[%clk 1:32:03]}  Nc6 {[%clk 1:25:50]} 6. O-O {[%clk 1:32:18]}  Bd6 {[%clk 1:25:50]} 7. Bb2 {[%clk 1:32:02]}  O-O {[%clk 1:25:33]} 8. Nbd2 {[%clk 1:31:55]}  Re8 {[%clk 1:25:31]} 9. Ne5 {[%clk 1:31:45]}  Qc7 {[%clk 1:22:46]} 10. Nxc6 {[%clk 1:24:07]}  bxc6 {[%clk 1:21:28]} 11. dxc5 {[%clk 1:24:18]}  Bxh2+ {[%clk 1:20:54]} 12. Kh1 {[%clk 1:24:44]}  Be5 {[%clk 1:21:06]} 13. Bxe5 {[%clk 1:24:33]}  Qxe5 {[%clk 1:21:25]} 14. c4 {[%clk 1:20:43]}  a5 {[%clk 1:18:37]} 15. Kg1 {[%clk 1:14:41]}  Ba6 {[%clk 1:16:52]} 16. Qe2 {[%clk 1:14:32]}  Nd7 {[%clk 1:15:53]} 17. Nf3 {[%clk 1:11:27]}  Qf6 {[%clk 1:15:09]} 18. cxd5 {[%clk 1:08:16]}  Bxd3 {[%clk 1:13:21]} 19. Qxd3 {[%clk 1:08:40]}  exd5 {[%clk 1:11:32]} 20. Rac1 {[%clk 1:07:31]}  Ne5 {[%clk 1:10:00]} 21. Nxe5 {[%clk 1:07:21]}  Rxe5 {[%clk 1:10:19]} 22. Rc2 {[%clk 1:01:12]}  Rh5 {[%clk 1:09:12]} 23. f3 {[%clk 0:58:30]}  Re8 {[%clk 1:07:49]} 24. e4 {[%clk 0:53:36]}  Qf4 {[%clk 1:01:23]} 25. Re2 {[%clk 0:50:03]}  Qh2+ {[%clk 0:53:30]} 26. Kf2 {[%clk 0:50:28]}  Qh4+ {[%clk 0:53:35]} 27. Kg1 {[%clk 0:50:43]}  h6 {[%clk 0:51:23]} 28. exd5 {[%clk 0:44:45]}  Rxe2 {[%clk 0:51:25]} 29. Qxe2 {[%clk 0:45:11]}  Qd4+ {[%clk 0:51:12]} 30. Qf2 {[%clk 0:45:28]}  Qxd5 {[%clk 0:51:20]} 31. Rc1 {[%clk 0:44:10]} 1/2-1/2

[Event "Weekender - Championship"]
[Site "Enniscrone, Co Slogo, IE"]
[Date "2026.02.01"]
[Round "4"]
[White "Donohoe, Eugene"]
[Black "McInerney, Kevin"]
[Result "1/2-1/2"]
[Board "13"]
[WhiteFideId "2502445"]
[BlackFideId "2524350"]
[WhiteElo "1740"]
[BlackElo "1626"]
[WhiteTeam "IRL"]
[BlackTeam "IRL"]
[WhiteClock "0:00:00"]
[BlackClock "1:30:14"]
[Variant "Standard"]

1. d4 {[%clk 1:30:57]}  Nf6 {[%clk 1:30:53]} 2. Bf4 {[%clk 1:31:10]}  d6 {[%clk 1:31:06]} 3. Nf3 {[%clk 1:30:47]}  g6 {[%clk 1:31:24]} 4. Nc3 {[%clk 1:30:15]}  Bg7 {[%clk 1:31:31]} 5. e4 {[%clk 1:30:15]}  O-O {[%clk 1:31:05]} 6. Qd2 {[%clk 1:28:29]}  c5 {[%clk 1:30:14]} 7. d5 {[%clk 1:28:29]}  e6 {[%clk 1:30:14]} 8. dxe6 {[%clk 0:00:00]}  Bxe6 {[%clk 1:30:14]} 9. O-O-O {[%clk 0:00:00]}  Qb6 {[%clk 1:30:14]} 10. Qxd6 {[%clk 0:00:00]}  Nc6 {[%clk 1:30:14]} 11. Be3 {[%clk 0:00:00]}  Nxe4 {[%clk 1:30:14]} 12. Qd3 {[%clk 0:00:00]}  Nxc3 {[%clk 1:30:14]} 13. bxc3 {[%clk 0:00:00]}  Rad8 {[%clk 1:30:14]} 14. Qb5 {[%clk 0:00:00]}  Rxd1+ {[%clk 1:30:14]} 15. Kxd1 {[%clk 0:00:00]}  Rd8+ {[%clk 1:30:14]} 16. Kc1 {[%clk 0:00:00]}  Bxc3 {[%clk 1:30:14]} 17. Bxc5 {[%clk 0:00:00]}  Qxb5 {[%clk 1:30:14]} 18. Bxb5 {[%clk 0:00:00]}  Nb4 {[%clk 1:30:14]} 19. Bxb4 {[%clk 0:00:00]}  Bxb4 {[%clk 1:30:14]} 20. Kb2 {[%clk 0:00:00]}  Be7 {[%clk 1:30:14]} 21. Re1 {[%clk 0:00:00]}  g5 {[%clk 1:30:14]} 22. h3 {[%clk 0:00:00]}  h5 {[%clk 1:30:14]} 23. Bd3 {[%clk 0:00:00]}  Rd6 {[%clk 1:30:14]} 24. Kc1 {[%clk 0:00:00]}  g4 {[%clk 1:30:14]} 25. hxg4 {[%clk 0:00:00]}  hxg4 {[%clk 1:30:14]} 26. Nd2 {[%clk 0:00:00]}  Bg5 {[%clk 1:30:14]} 27. Kd1 {[%clk 0:00:00]}  Bxd2 {[%clk 1:30:14]} 28. Kxd2 {[%clk 0:00:00]}  Bxa2 {[%clk 1:30:14]} 29. Ra1 {[%clk 0:00:00]}  Bd5 {[%clk 1:30:14]} 30. Rxa7 {[%clk 0:00:00]}  Bxg2 {[%clk 1:30:14]} 31. Ke3 {[%clk 0:00:00]}  Rh6 {[%clk 1:30:14]} 32. Kf4 {[%clk 0:00:00]}  Bf3 {[%clk 1:30:14]} 33. Ra5 {[%clk 0:00:00]}  Rf6+ {[%clk 1:30:14]} 34. Kg3 {[%clk 0:00:00]}  Bd1 {[%clk 1:30:14]} 35. Rg5+ {[%clk 0:00:00]}  Kf8 {[%clk 1:30:14]} 36. Rf5 {[%clk 0:00:00]}  Rxf5 {[%clk 1:30:14]} 37. Bxf5 {[%clk 0:00:00]}  b5 {[%clk 1:30:14]} 38. c3 {[%clk 0:00:00]}  Ke7 {[%clk 1:30:14]} 39. Bd3 {[%clk 0:00:00]}  Kd6 {[%clk 1:30:14]} 40. Bxb5 {[%clk 0:00:00]}  Kc5 {[%clk 1:30:14]} 1/2-1/2